Les communes les plus pauvres d'île-de-France - Statistiques

Statistiques générales
  • Ce quiz a été pris 485 fois
    408 depuis la dernière actualisation
  • Le résultat moyen est 28 sur 72
Statistiques - réponses
Département Revenu moyen (€/an) Ville % Correct
Saine-Saint-Denis 15 720 € Saint-Denis
94%
Saine-Saint-Denis 14 640 € Aubervilliers
82%
Val-d'Oise 15 890 € Sarcelles
80%
Essonne 18 170 € Évry-Courcouronnes
79%
Saine-Saint-Denis 15 500 € Bobigny
75%
Essonne 13 960 € Grigny
73%
Saine-Saint-Denis 14 610 € La Courneuve
71%
Saine-Saint-Denis 16 450 € Sevran
70%
Saine-Saint-Denis 17 910 € Aulnay-sous-Bois
69%
Saine-Saint-Denis 14 410 € Clichy-sous-Bois
68%
Saine-Saint-Denis 17 810 € Drancy
66%
Seine-et-Marne 18 540 € Melun
64%
Val-d'Oise 19 570 € Cergy
63%
Seine-et-Marne 19 250 € Meaux
63%
Saine-Saint-Denis 18 450 € Pantin
63%
Val-d'Oise 18 430 € Argenteuil
62%
Saine-Saint-Denis 18 760 € Saint-Ouen-sur-Seine
62%
Saine-Saint-Denis 16 680 € Bondy
61%
Essonne 17 920 € Corbeil-Essonne
60%
Val-d'Oise 15 150 € Garges-lès-Gonesse
60%
Yvelines 16 520 € Mantes-la-Jolie
56%
Saine-Saint-Denis 15 380 € Stains
56%
Seine-Saint-Denis 19 830 € Montfermeil
51%
Essonne 17 860 € Épinay-sous-Sénart
50%
Saine-Saint-Denis 16 910 € Epinay-sur-Seine
50%
Saine-Saint-Denis 17 320 € Noisy-le-Sec
50%
Yvelines 17 450 € Trappes
50%
Hauts-de-Seine 17 640 € Gennevilliers
49%
Saine-Saint-Denis 15 190 € Pierrefitte-sur-Seine
47%
Seine-Saint-Denis 18 500 € Villepinte
47%
Saine-Saint-Denis 16 570 € Le Blanc-Mesnil
46%
Saine-Saint-Denis 17 750 € Bagnolet
44%
Val-de-Marne 18 880 € Vitry-sur-Seine
44%
Yvelines 17 670 € Les Mureaux
43%
Val-de-Marne 18 810 € Ivry-sur-Seine
41%
Val-d'Oise 18 280 € Gonesse
40%
Saine-Saint-Denis 16 950 € Le Bourget
38%
Val-d'Oise 15 560 € Villiers-le-Bel
38%
Val-de-Marne 16 250 € Villeneuve-Saint-Georges
37%
Saine-Saint-Denis 16 570 € Dugny
36%
Saine-Saint-Denis 15 650 € Villetaneuse
35%
Val-d'Oise 17 400 € Goussainville
32%
Val-de-Marne 18 710 € Orly
32%
Saine-Saint-Denis 19 450 € Romainville
32%
Hauts-de-Seine 17 800 € Villeneuve-la-Garenne
31%
Saine-Saint-Denis 16 610€ L'Île-Saint-Denis
29%
Seine-Saint-Denis 19 930 € Neuilly-sur-Marne
29%
Val-de-Marne 19 930 € Choisy-le-Roi
28%
Essonne 19 360 € Ris-Orangis
28%
Essonne 19 300 € Les Ulis
22%
Essonne 19 360 € Étampes
20%
Seine-et-Marne 19 630 € Dammarie-les-Lys
17%
Yvelines 19 530 € Mantes-la-Ville
16%
Seine-et-Marne 15 450 € Montereau-Fault-Yonne
15%
Seine-et-Marne 18 470 € Provins
14%
Val-de-Marne 17 200 € Valenton
14%
Val-d'Oise 19 510 € Arnouville
13%
Yvelines 18 780 € Chanteloup-les-Vignes
12%
Seine-et-Marne 18 490 € Le Mée-sur-Seine
12%
Seine-et-Marne 18 770 € Nemours
11%
Seine-et-Marne 19 970 € Coulommiers
10%
Yvelines 18 970 € La Verrière
9%
Val-d'Oise 18 650 € Persan
9%
Val-de-Marne 18 730 € Bonneuil-sur-Marne
8%
Essonne 18 750 € Fleury-Mérogis
7%
Seine-et-Marne 18 180 € La Ferté-Gaucher
7%
Yvelines 19 620 € Limay
5%
Seine-et-Marne 18 460 € Lizy-sur-Ourcq
5%
Seine-et-Marne 18 890 € Nangis
4%
Seine-et-Marne 19 880 € Bray-sur-Seine
2%
Seine-et-Marne 19 470 € Longueville
2%
Seine-et-Marne 19 460 € Souppes-sur-Loing
2%
Aucun quiz correspondant
Distribution des résultats
% des personnes avec chaque résultat
Percentile par nombre de réponses
Votre historique - résultats
Vous n’avez pas pris ce quiz depuis la dernière actualisation